| 000 | 00384nam a2200157Ia 4500 | ||
|---|---|---|---|
| 008 | 210210b1956 xxu||||| |||| 00| 0 eng d | ||
| 082 | _a633 DICD | ||
| 100 | _aDICKSON (James G). | ||
| 245 | _aDiseases of field crops. Ed 2. | ||
| 250 | _a | ||
| 260 |
_aNew Delhi. _bT M H _c1956 |
||
| 300 | _aix,517 | ||
| 650 | _aDiseases Field Crops | ||
| 690 | _aAgricultur | ||
| 906 | _a03089 | ||
| 999 |
_c81942 _d81942 |
||